<?xml version="1.0" encoding="UTF-8"?>
<record
    xmlns:xsi="http://www.w3.org/2001/XMLSchema-instance"
    xsi:schemaLocation="http://www.loc.gov/MARC21/slim http://www.loc.gov/standards/marcxml/schema/MARC21slim.xsd"
    xmlns="http://www.loc.gov/MARC21/slim">

  <leader>01442nam a2200301 a 4500</leader>
  <controlfield tag="005">20150829020003.0</controlfield>
  <controlfield tag="008">150217s2014    ck a   gr     00110 spa d</controlfield>
  <datafield tag="020" ind1=" " ind2=" ">
    <subfield code="a">9789587750461</subfield>
  </datafield>
  <datafield tag="040" ind1=" " ind2=" ">
    <subfield code="a">CO-BoBLA </subfield>
    <subfield code="c">CO-BoBLA</subfield>
  </datafield>
  <datafield tag="041" ind1=" " ind2=" ">
    <subfield code="a">spa</subfield>
  </datafield>
  <datafield tag="044" ind1=" " ind2=" ">
    <subfield code="a">ck</subfield>
  </datafield>
  <datafield tag="082" ind1="0" ind2="4">
    <subfield code="a">595.380986 </subfield>
    <subfield code="b">C95c</subfield>
  </datafield>
  <datafield tag="100" ind1="1" ind2=" ">
    <subfield code="a">Campos, Martha Helena Rocha de</subfield>
    <subfield code="9">35458</subfield>
  </datafield>
  <datafield tag="245" ind1="1" ind2="0">
    <subfield code="a">Crust&#xE1;ceos dec&#xE1;podos de agua dulce de Colombia / </subfield>
    <subfield code="c">Martha Helena Campos de Rocha</subfield>
  </datafield>
  <datafield tag="260" ind1=" " ind2=" ">
    <subfield code="a">Bogot&#xE1; : </subfield>
    <subfield code="b">Universidad Nacional de Colombia. Facultad de Ciencias. Instituto de Ciencias Naturales : </subfield>
    <subfield code="c">2014.</subfield>
  </datafield>
  <datafield tag="300" ind1=" " ind2=" ">
    <subfield code="a">691 p&#xE1;ginas : </subfield>
    <subfield code="b">ilustraciones, gr&#xE1;ficos, mapas ; </subfield>
    <subfield code="c">24 cm.</subfield>
  </datafield>
  <datafield tag="490" ind1="1" ind2=" ">
    <subfield code="a">Biblioteca Jos&#xE9; Jer&#xF3;nimo Triana ; </subfield>
    <subfield code="v">27</subfield>
  </datafield>
  <datafield tag="504" ind1=" " ind2=" ">
    <subfield code="a">Incluye bibliograf&#xED;as.</subfield>
  </datafield>
  <datafield tag="505" ind1=" " ind2=" ">
    <subfield code="a">Familia Atydae de  Hann
Familia Euryrhynchidae Holthuis
Familia Palaemonidae Rafinesque
Familia Sergestidae Dana
Familia Trichodactylidae H. Milne Edwards
Familia Pseudothelphusidae Ortmann</subfield>
  </datafield>
  <datafield tag="650" ind1=" " ind2="4">
    <subfield code="a">Dec&#xE1;podos (Crust&#xE1;ceos)</subfield>
    <subfield code="x"> Distribuci&#xF3;n geogr&#xE1;fica</subfield>
    <subfield code="z"> Colombia.</subfield>
    <subfield code="9">35459</subfield>
  </datafield>
  <datafield tag="650" ind1=" " ind2="4">
    <subfield code="a">Dec&#xE1;podos (Crust&#xE1;ceos)</subfield>
    <subfield code="x"> Clasificaci&#xF3;n</subfield>
    <subfield code="z"> Colombia.</subfield>
    <subfield code="9">35460</subfield>
  </datafield>
  <datafield tag="650" ind1=" " ind2="4">
    <subfield code="a">Diversidad biol&#xF3;gica</subfield>
    <subfield code="z"> Colombia.</subfield>
    <subfield code="9">35461</subfield>
  </datafield>
  <datafield tag="650" ind1=" " ind2="4">
    <subfield code="a">Crust&#xE1;ceos</subfield>
    <subfield code="x"> Distribuci&#xF3;n geogr&#xE1;fica</subfield>
    <subfield code="z"> Colombia.</subfield>
    <subfield code="9">35462</subfield>
  </datafield>
  <datafield tag="700" ind1="1" ind2=" ">
    <subfield code="a">Palacio O., Juan David, </subfield>
    <subfield code="e">editor.</subfield>
    <subfield code="9">35463</subfield>
  </datafield>
  <datafield tag="700" ind1="1" ind2=" ">
    <subfield code="a">Gonz&#xE1;lez Duque, Lina Mar&#xED;a, </subfield>
    <subfield code="e">editora.</subfield>
    <subfield code="9">35464</subfield>
  </datafield>
  <datafield tag="700" ind1="1" ind2=" ">
    <subfield code="a">G&#xF3;mez Hoyos, Juan Carlos, </subfield>
    <subfield code="e">editor.</subfield>
    <subfield code="9">35465</subfield>
  </datafield>
  <datafield tag="942" ind1=" " ind2=" ">
    <subfield code="2">ddc</subfield>
    <subfield code="c">LIBRO</subfield>
    <subfield code="0">2</subfield>
  </datafield>
  <datafield tag="999" ind1=" " ind2=" ">
    <subfield code="c">17551</subfield>
    <subfield code="d">17551</subfield>
  </datafield>
  <datafield tag="952" ind1=" " ind2=" ">
    <subfield code="0">0</subfield>
    <subfield code="1">0</subfield>
    <subfield code="2">ddc</subfield>
    <subfield code="4">0</subfield>
    <subfield code="7">0</subfield>
    <subfield code="8">GENERAL</subfield>
    <subfield code="I">INV2017</subfield>
    <subfield code="a">Bogota</subfield>
    <subfield code="b">Bogota</subfield>
    <subfield code="d">2015-07-09</subfield>
    <subfield code="e">Instituto</subfield>
    <subfield code="g">39000.00</subfield>
    <subfield code="l">2</subfield>
    <subfield code="o">LB-595.380986  C95c</subfield>
    <subfield code="p">038930</subfield>
    <subfield code="r">2015-08-28 00:00:00</subfield>
    <subfield code="s">2015-08-28</subfield>
    <subfield code="t">Ej. 1</subfield>
    <subfield code="w">2015-07-09</subfield>
    <subfield code="x">Donaci&#xF3;n</subfield>
    <subfield code="y">LIBRO</subfield>
  </datafield>
</record>
